000 00276nam a2200109Ia 4500
001 1276006
005 20260417160439.0
008 260417s9999 xx 000 0 und d
020 _a9786255998071
245 0 _aAnnemin Kanatları Altında
_cXu Dainan
260 _bKetebe Çocuk
999 _c1276006
_d1276006